1390 1261 1852 1244 1180 1279 1490 1544 1334 1456 1465 1059 1986 1535 1294 1160 1946 1507 1164 1830 1459 1484 1957 1593 1321 1254 1936 1900 1332 1423 1583 1309 1005 1325 1567 1514 1264 1976 1026 1512 1618 1132 1080 1474 1467 1038 1480 1578 1164 1655 1057 1758 1166 1542 1301 1540 1822 1471 1705 1315 1842 1220 1702 1806 1701 1597 1629 1079 1086 1989 1677 1306 1200 1402 1722 1076 1070 1885 1094 1638 1151 1554 1589 1575 1255 1063 1092 1432 1146 1197 1551 1432 1570 1394 1006 1460 1266 1938 1647 BCNSPRNW ULIB Ver.6.0+V

เปลี่ยนเป็นภาษาไทย

Change to English
 แสดงรายละเอียดบรรณานุกรม
  กลับหน้าหลัก

Brief Record : Get Marc (ISO 2709) : E-mail record : QR code < ปิดหน้าต่าง
LEADER : 00000nam 2200000uu 4500
001    13399109953
003     ULIB
008    110419s2541||||th 000 0 tha d
020    9747803526
060 04 WE883^bส233ค 2541
245 00 ความผิดปกติของเท้าทางออร์โธปิดิคส์ =^bFoot disorders inorthopaedics /^cบรรณาธิการ, สมชัย ปรีชาสุข
246 31 Foot disorders in orthopaedics
250    พิมพ์ครั้งที่ 1
260    กรุงเทพฯ :^bภาควิชาออร์โธปิดิคส์คณะแพทยศาสตร์โรงพยาบาลรามาธิบดี มหาวิทยาลัยมหิดล,^c2541
300    166 หน้า :^bภาพประกอบ ;^c26 ซม.
650  2 Foot^xdisorders
650  2 Othopaedics
650  2 Podiatry
650  7 เท้า^xความผิดปกติ
650  7 ศัลยกรรมกระดูก
700 0  สมชัย ปรีชาสุข,^eบรรณาธิการ
710 2  มหาวิทยาลัยมหิดล. ^bคณะแพทยศาสตร์โรงพยาบาลรามาธิบดี.^bภาควิชาออร์โธปิดิคส์
945    ^p350^l0^i010624
945    ^p350^l0^i010623
945    ^p350^l0^i010622
945    ^p350^l0^i010620
945    ^p350^l0^i010621
995    ทศพร
999 ^a ใช้งานได้ทุกระบบ
รายการนี้ยังไม่มีแท็ก
คุณยังไม่ได้ล็อกอิน คุณสามารถมีกิจกรรมร่วมกับเว็บไซต์ได้ แต่ต้องล็อกอินก่อน ::
  ล็อกอิน

รายการสื่อสารสนเทศ

ลำดับที่ ประเภท เลขเรียก/บาร์โค้ด สถานที่ สถานะ
- ไม่พบข้อมูล -

รายการใกล้เคียง
    หัวเรื่อง [ศัลยกรรมกระดูก]

BibComment


ยังไม่เคยถูกคอมเมนท์

คอมเมนท์ทรัพยากรรายการนี้
  คอมเมนท์: ความผิดปกติของเท้..


 Copyright 2026. Bcnsprnw @Library